000 00642nam a2200217 a 4500
001 BRCA_4146
005 20190320204548.0
008 150410s1900----mx-a######---#000-0#spa-#
041 _aspa
044 _amx
050 4 _aF1391.Q4
_b.C47 1900
100 1 _aCervantes, Enrique A.
_d1935-
_910705
245 1 0 _aSantiago de Querétaro en el año de 1934
_cEnrique A. Cervantes.
260 _aMéxico
_bE. A. Cervantes
_c[1900]
300 _a1 v. (sin paginación)
_bil., 50 fotos
_c29 cm.
500 _aC175
651 4 _aQuerétaro
_xDescripción
_zMéxico
_910706
651 4 _aMéxico
_xDescripción
_910707
902 _aGFM
942 _2lcc
_cB
999 _c3862
_d3862